|
|
|
|
| LEADER |
00000nam0a2200000 4500 |
| 001 |
112119 |
| 005 |
20231101215036.0 |
| 010 |
|
|
|a 5080006730
|
| 020 |
|
|
|a RU
|b 89-50018
|
| 035 |
|
|
|a (RuTPU)RU\TPU\book\121220
|
| 090 |
|
|
|a 112119
|
| 100 |
|
|
|a 20070323d1989 a y0rusy5003 ca
|
| 101 |
0 |
|
|a rus
|
| 102 |
|
|
|a RU
|
| 105 |
|
|
|a a z 000gy
|
| 200 |
1 |
|
|a Нашему юношеству
|e стихи
|f В. В. Маяковский
|g худож. Л. П. Дурасов; сост. С. А. Коваленко
|
| 210 |
|
|
|a Москва
|d 1989
|c Детская литература
|
| 215 |
|
|
|a 142,[2] с.
|c ил.
|
| 225 |
1 |
|
|a Поэтическая библиотечка школьника
|
| 320 |
|
|
|a Примечания: с. 135-143.
|
| 606 |
1 |
|
|a Русская литература современная
|2 stltpush
|3 (RuTPU)RU\TPU\subj\26373
|9 50316
|
| 610 |
1 |
|
|a стихотворения
|
| 610 |
1 |
|
|a советская литература
|
| 610 |
1 |
|
|a поэмы
|
| 610 |
1 |
|
|a советское общество
|
| 675 |
|
|
|a Р2
|v 3
|
| 700 |
|
1 |
|a Маяковский
|b В. В.
|c русский поэт
|f 1893-1930
|g Владимир Владимирович
|2 stltpush
|3 (RuTPU)RU\TPU\pers\1040
|9 463
|
| 702 |
|
1 |
|a Дурасов
|b Л. П.
|4 440
|
| 702 |
|
1 |
|a Коваленко
|b С. А.
|4 220
|
| 801 |
|
0 |
|a RU
|b RuMRKP
|c 19950417
|g psbo
|
| 801 |
|
1 |
|a RU
|b 63413507
|c 20070323
|g PSBO
|
| 801 |
|
2 |
|a RU
|b 63413507
|c 20220131
|g PSBO
|
| 942 |
|
|
|c BK
|